المحاسبة الإدارية : (رقم التسجيلة. 23828)

تفاصيل مارك
000 -الفاتح
حقل البيانات ثابتة الطول 00817nam a22001937a 4500
003 - محدد رقم الضبط
رقم الضبط OSt
005 - وقت وتاريخ اخر تعامل مع التسجيلة
رقم الضبط 20150408114040.0
008 - عناصر البيانات ثابتة الطول - معلومات عامة
حقل البيانات ثابتة الطول 120530s2012 ua a f |||| 000 0 ara d
020 ## - الرقم الدولى المعيارى للكتب
الرقم الدولى المعيارى للكتاب 9789776341609
040 ## - مصدر الفهرسة
وكالة النسخ MU
082 04 - رقم تصنيف ديوى العشرى
رقم الطبعة 21
رقم التصنيف 658.1511
رقم المادة م ز م
100 ## - المدخل الرئيسى - إسم شخصى
الإسم الشخصى محرم، زينات محمد
9 (RLIN) 15266
245 ## - بيان العنوان
العنوان المحاسبة الإدارية :
بقية العنوان تحليل سلوك التكلفة، تخطيط الانتاج والأرباح، الموازنات التخطيطية ... /
بيان المسئوليه,etc زينات محمد محرم، محمد محمود البابلي.
260 ## - PUBLICATION, DISTRIBUTION, ETC. (IMPRINT)
مكان الناشر او الموزع الإسكندرية، مصر :
اسم الناشر او الموزع دار التعليم الجامعي،
تاريخ النشر أو التوزيع 2012
300 ## - الوصف المادى
التعداد 353 ص. ؛
أبعاد الوعاء 24 سم.
650 #4 - المدخل الاضافى بالموضوع-مصطلح موضوعى
مصطلح موضوعي أو اسم جغرافي كعنصر مدخل المحاسبة الإدارية.
9 (RLIN) 14988
700 ## - المدخل الاضافى - اسم شخصى
الإسم الشخصى البابلي، محمد محمود
9 (RLIN) 15267
942 ## - عناصر المدخل الإضافي( كوها)
مصدر التصنيف او مخطط الترفيف Dewey Decimal Classification
Koha [default] item type DVD
المقتنيات
حالة الفقد نموذج السعر الفعال حالة تلف ليس للاعارة رقم الطلب رقم النسخة تاريخ الاكتساب الموقع الحالي الباركود الفرع الرئيسي Date last seen نوع المادة فى نظام كوها مصدر التصنيف او خطة الترفيف Total Checkouts Total Renewals Date last checked out
  2013-03-10     658.1511 م ز م ن1 2012-05-30 المكتبة المركزية بالمجمعة (CL) 00110908 المكتبة المركزية بالمجمعة (CL) 2013-03-10 كتاب Dewey Decimal Classification      
  2013-03-10     658.1511 م ز م ن2 2012-05-30 المكتبة المركزية بالمجمعة (CL) 00110909 المكتبة المركزية بالمجمعة (CL) 2013-03-10 كتاب Dewey Decimal Classification      
  2013-03-10     658.1511 م ز م ن3 2012-05-30 المكتبة المركزية بالمجمعة (CL) 00110910 المكتبة المركزية بالمجمعة (CL) 2021-11-21 كتاب Dewey Decimal Classification 3 1 2021-11-07